00783nam a22001697a 4500020001800000082001800018100002200036245006200058260004700120300001000167650016800177700002400345942000700369999001900376952010800395952011000503 a9780446541473 a330.95694 SEN aSenor, Dan969506 aStsart-up-nation: The Story of Israel's Economic Miracle aNew YorkbTwelve Hachette Book Groupc2011 a309 P aThe Story of Israel's Economic Miracle Dan Senor & Saul Singer With A New Foreword By Shimon Peres and Afterword by Shimon Peres and Afterword by the Auther969507 aSinger, Saul969508 cBK c576755d576755 001040708NFICaCEMEbCEMEcGENd2019-07-18l0o330.95694 SENpCEME-49288r2021-06-28w2021-06-28yBK 001040708NFICaCEMEbCEMEcGENd2019-07-18l0o330.95694 SENpCEME-49288-Br2021-06-28w2021-06-28yBK